| 000 | 00752nam a2200253Ia 4500 | ||
|---|---|---|---|
| 003 | OSt | ||
| 005 | 20220930093211.0 | ||
| 006 | a|||||r|||| 00| 0 | ||
| 007 | ta | ||
| 008 | 220926b |||||||| |||| 00| 0 eng d | ||
| 024 | _a33577 | ||
| 037 | _cTheses | ||
| 040 |
_aCRL _cCRL _beng |
||
| 041 |
_2eng _aeng |
||
| 100 |
_aTabassum Khalida Au. _9551108 |
||
| 110 | _aUniversity of Delhi. Faculty of Arts. Department of Urdu | ||
| 245 | 0 | _aUrdu novel ka tanqeedi mutalaa 1980 ke baad | |
| 260 | _c2014 | ||
| 300 |
_a448. p _ap. _ccm. |
||
| 700 | _a Khan Tauqeer Ahmad Gu. | ||
| 700 | _aUniversity of Delhi. Faculty of Arts. Department of Urdu | ||
| 942 |
_cDIS _2CC |
||
| 999 |
_c884982 _d884982 |
||